Lénie - Paroles Divine - Statistiques

Statistiques générales
  • Ce quiz a été pris 115 fois
  • Le résultat moyen est 165 sur 204
Statistiques - réponses
Hint Réponse % Correct
à
98%
s'
98%
Couplet 1 T'
98%
t'
98%
es
96%
j'
96%
J’
96%
l'
96%
et
95%
Et
95%
me
95%
je
93%
Je
93%
ta
93%
te
93%
Refrain C'
89%
c'
89%
dans
89%
Dans
89%
De
89%
de
89%
la
89%
toi
89%
toi,
89%
Toi
89%
divine
88%
mes
88%
perds
88%
qui
88%
Qui
88%
rêves
88%
est
86%
le
86%
Mon
86%
mon
86%
n'
86%
tête
86%
réveille,
84%
Sans
84%
aime
82%
avec
82%
cœur
82%
imagine
82%
moi
82%
moi,
82%
pense
82%
que
82%
un
82%
Pré-refrain Une
82%
une
82%
détonateur
80%
regard
80%
ton
80%
voix
80%
âme
79%
aux
79%
bat
79%
entends
79%
lèvres
79%
quand
79%
sourire
79%
sur
79%
flamme
77%
jamais
77%
loin,
77%
meurt
77%
ne
77%
encore
75%
fois
75%
tout,
75%
tout
75%
Outro Tout
75%
Bridge Ce
73%
étire
73%
Oui,
73%
pour
73%
regarde
73%
semblent
71%
sens
71%
sentiments
71%
tes
71%
adore
70%
auprès
70%
irréels
70%
monde
70%
nos
70%
on
70%
baby
68%
démons
68%
promis
68%
avenir
66%
babe
64%
Les
64%
réel
64%
bras,
63%
oublie
63%
aperçois
61%
devient
61%
mirage
61%
pas
61%
reste
61%
visage
61%
Ensemble
59%
autour
29%
tourne
27%
Couplet 2 Encorner
16%
Aucun quiz correspondant
Distribution des résultats
% des personnes avec chaque résultat
Percentile par nombre de réponses
Votre historique - résultats
Vous n’avez pas pris ce quiz